[Event "Landesklasse Ost 2011/2012"]
[Site "?"]
[Date "2011.02.05"]
[Round "6"]
[White "Kühn, Martin"]
[Black "Mitter, Frank"]
[Result "1/2-1/2"]
[WhiteElo "1943"]
[BlackElo "1759"]
[PlyCount "74"]
[EventDate "2011.??.??"]
[WhiteTeam "ESV Lok Sömmerda"]
[BlackTeam "SSV Vimaria 91 Weimar"]

1. d4 d5 2. c4 e6 3. Nf3 Nf6 4. Bg5 Be7 5. e3 O-O 6. Nc3 Nbd7 7. Rc1 c6 8. Bd3
dxc4 9. Bxc4 Nd5 10. Bxe7 Qxe7 11. O-O Nxc3 12. Rxc3 e5 13. dxe5 Nxe5 14. Nxe5
Qxe5 15. Qb3 b5 16. Bd3 Bb7 17. Qc2 g6 18. Be4 Rac8 19. Rc5 Qe6 20. b4 Rfd8 21.
Bf3 Rd6 22. Rd1 Rcd8 23. Rxd6 Rxd6 24. g3 Qd7 25. Re5 c5 26. Bxb7 Rd1+ 27. Kg2
Qxb7+ 28. e4 Qd7 29. Rxc5 Qd4 30. Rd5 Rd2 31. Rxd4 Rxc2 32. Rd5 a6 33. a4 bxa4
34. Ra5 Rc4 35. Rxa4 Rxe4 36. Kf3 Rc4 37. Ke3 a5 1/2-1/2

[Event "Landesklasse Ost 2011/2012"]
[Site "?"]
[Date "2011.02.05"]
[Round "6"]
[White "Puschendorf, Steffen"]
[Black "Streltsyn, Grygoriy"]
[Result "1-0"]
[WhiteElo "2077"]
[BlackElo "2125"]
[PlyCount "89"]
[EventDate "2011.??.??"]
[WhiteTeam "ESV Gera"]
[BlackTeam "Erfurter Schachklub"]

1. d4 Nf6 2. c4 c5 3. d5 d6 4. Nc3 g6 5. e4 Bg7 6. f4 O-O 7. Nf3 Na6 8. Be2 Nc7
9. O-O Rb8 10. Qe1 Bd7 11. a4 b6 12. Qh4 a6 13. e5 Nfe8 14. Bd3 e6 15. Qg3 b5
16. axb5 axb5 17. f5 bxc4 18. Bg5 Qc8 19. f6 Bh8 20. Bxc4 exd5 21. exd6 Be6 22.
dxc7 Nxc7 23. Bf4 dxc4 24. Bxc7 Rxb2 25. Ng5 h6 26. Nxe6 Qxe6 27. Rae1 Qc6 28.
Ne4 Re8 29. Qf4 Re6 30. Be5 c3 31. Bxc3 Rc2 32. Qf3 Qd5 33. Re3 Qc4 34. Ba1 Qa2
35. Rd1 Re8 36. Nf2 Rb8 37. Ra3 Qe6 38. Ra8 Rxa8 39. Qxa8+ Kh7 40. Qf3 Re2 41.
h3 c4 42. Bd4 g5 43. Kf1 Rc2 44. Re1 Rxf2+ 45. Kxf2 1-0

[Event "Landesklasse Ost 2011/2012"]
[Site "?"]
[Date "2011.02.05"]
[Round "6"]
[White "Troyke, Doreen"]
[Black "Schmidt, Frank"]
[Result "1-0"]
[WhiteElo "2053"]
[BlackElo "1937"]
[PlyCount "91"]
[EventDate "2011.??.??"]
[WhiteTeam "Erfurter Schachklub"]
[BlackTeam "ESV Gera"]

1. c4 g6 2. g3 Bg7 3. Bg2 d6 4. Nc3 e5 5. e3 Nc6 6. Nge2 Bf5 7. d3 Qd7 8. Nd5
a5 9. Nec3 h5 10. h3 Be6 11. Rb1 Rb8 12. Bd2 Nf6 13. Qa4 O-O 14. Nxf6+ Bxf6 15.
Ne4 Be7 16. Nc3 Nb4 17. Qxd7 Bxd7 18. Ke2 Bf5 19. Be4 Bxe4 20. Nxe4 Nc6 21. Nc3
b6 22. a3 Kg7 23. b4 Rfc8 24. Nd5 axb4 25. axb4 Bd8 26. Ra1 Ra8 27. b5 Ne7 28.
Nb4 Ng8 29. Bc3 Bf6 30. Nd5 Bd8 31. f4 f6 32. g4 Kf7 33. gxh5 gxh5 34. Kf3 Ne7
35. Nb4 Nf5 36. Nd5 Ne7 37. e4 Nxd5 38. cxd5 Be7 39. Rhg1 Rxa1 40. Rxa1 Rg8 41.
f5 Bd8 42. Kf2 Be7 43. Bd2 Kg7 44. Be3 Kf7 45. Ra7 Bd8 46. Bxb6 1-0

[Event "Landesklasse Ost 2011/2012"]
[Site "?"]
[Date "2011.02.05"]
[Round "6"]
[White "Hoffmann, Tim"]
[Black "Schneider, Thomas"]
[Result "1/2-1/2"]
[WhiteElo "1895"]
[BlackElo "1837"]
[PlyCount "40"]
[EventDate "2011.??.??"]
[WhiteTeam "ESV Gera"]
[BlackTeam "Erfurter Schachklub"]

1. e4 c6 2. d4 d5 3. e5 c5 4. c3 Nc6 5. Nf3 Bg4 6. Be2 e6 7. Nbd2 cxd4 8. cxd4
Nge7 9. Nb3 Bxf3 10. Bxf3 Nf5 11. O-O Qb6 12. Be3 Be7 13. Bg4 Nxe3 14. fxe3 O-O
15. Qe2 Rac8 16. Rac1 Rc7 17. Qf3 Na5 18. Nxa5 Qxa5 19. Rxc7 Qxc7 20. Qf2 Bg5
1/2-1/2

[Event "Landesklasse Ost 2011/2012"]
[Site "?"]
[Date "2011.02.05"]
[Round "6"]
[White "Fischer, Dieter"]
[Black "Senf, Paul"]
[Result "1/2-1/2"]
[WhiteElo "1954"]
[BlackElo "1734"]
[PlyCount "70"]
[EventDate "2011.??.??"]
[WhiteTeam "Erfurter Schachklub"]
[BlackTeam "ESV Gera"]

1. e4 c6 2. d3 d5 3. Nd2 e5 4. Ngf3 Bg4 5. h3 Bxf3 6. Qxf3 Nf6 7. g3 Na6 8. a3
Be7 9. Bg2 Nc7 10. O-O O-O 11. Re1 dxe4 12. Nxe4 Ne6 13. c3 Qd7 14. b4 Rfd8 15.
Bf1 a5 16. Bb2 axb4 17. axb4 Nxe4 18. Qxe4 Bf6 19. h4 g6 20. Red1 Bg7 21. Rxa8
Rxa8 22. Ra1 Rxa1 23. Bxa1 c5 24. Bb2 cxb4 25. Qxb4 Bf8 26. Qe4 Bg7 27. Ba3 Qc6
28. Qxc6 bxc6 29. Bg2 c5 30. Bd5 Nc7 31. Bc4 Bf8 32. Kg2 Kg7 33. Kf3 f5 34. Bb2
Bd6 35. Ke2 Kf6 1/2-1/2

[Event "Landesklasse Ost 2011/2012"]
[Site "?"]
[Date "2011.02.05"]
[Round "6"]
[White "Hilbig, Dieter"]
[Black "August, Christian"]
[Result "1/2-1/2"]
[WhiteElo "1858"]
[BlackElo "1942"]
[PlyCount "61"]
[EventDate "2011.??.??"]
[WhiteTeam "ESV Gera"]
[BlackTeam "Erfurter Schachklub"]

1. e4 e5 2. Nf3 Nc6 3. Bb5 a6 4. Ba4 Nf6 5. O-O b5 6. Bb3 Be7 7. Re1 O-O 8. c3
d6 9. d3 Na5 10. Bc2 c5 11. Nbd2 Re8 12. Nf1 Bf8 13. Bg5 h6 14. Bd2 Nc6 15. Ng3
g6 16. a4 Be6 17. Be3 Ng4 18. Bc1 Bg7 19. h3 Nf6 20. Be3 Qc7 21. Qd2 Kh7 22.
Nh4 b4 23. f4 Rab8 24. f5 bxc3 25. bxc3 Bb3 26. Bxb3 Rxb3 27. Rec1 Reb8 28. Qf2
g5 29. Nf3 Rb2 30. Qf1 Qb7 31. Nd2 1/2-1/2

[Event "Landesklasse Ost 2011/2012"]
[Site "?"]
[Date "2011.02.05"]
[Round "6"]
[White "Friedt, Marius"]
[Black "Steinmüller, Johannes"]
[Result "1-0"]
[WhiteElo "1793"]
[BlackElo "1767"]
[PlyCount "157"]
[EventDate "2011.??.??"]
[WhiteTeam "Erfurter Schachklub"]
[BlackTeam "ESV Gera"]

1. e4 c5 2. Nf3 Nc6 3. d4 cxd4 4. c3 d3 5. Bxd3 g6 6. O-O Bg7 7. Qe2 d6 8. Bf4
Nf6 9. Nbd2 O-O 10. h3 Bd7 11. Rad1 Rc8 12. Bh2 a6 13. Kh1 Qa5 14. Nc4 Qc5 15.
e5 dxe5 16. Ncxe5 Nxe5 17. Nxe5 Be6 18. c4 Rfd8 19. b3 Nd7 20. Nxd7 Rxd7 21.
Be4 Bd4 22. f4 Bf5 23. Bg1 Rcd8 24. Bxf5 Qxf5 25. Bxd4 Rxd4 26. Rxd4 Rxd4 27.
Qxe7 Rxf4 28. Rxf4 Qxf4 29. Qxb7 Qf1+ 30. Kh2 Qf4+ 31. g3 Qf2+ 32. Qg2 Qc5 33.
Qe2 a5 34. Kg2 Qc6+ 35. Qf3 Qc5 36. Qd3 Qa3 37. Qc2 Qc5 38. Qb2 Qc6+ 39. Kh2
Qc5 40. a3 h5 41. Kh1 Qc6+ 42. Kg1 Qc5+ 43. Kh2 Kh7 44. b4 axb4 45. axb4 Qxc4
46. b5 Qc7 47. b6 Qb7 48. Qf6 Kg8 49. Qd8+ Kg7 50. Qd4+ Kh7 51. Kg1 Qf3 52. Qf2
Qb7 53. Qe3 Kg7 54. Kf2 Kg8 55. Kg1 Kg7 56. h4 Kg8 57. Kf2 Kg7 58. Ke1 Kh7 59.
Kd2 Qd5+ 60. Kc3 Qc6+ 61. Kb4 Qb7 62. Qc5 Qe4+ 63. Ka5 Qa8+ 64. Kb5 Qe8+ 65.
Qc6 Qe2+ 66. Qc4 Qe8+ 67. Qc6 Qe2+ 68. Kc5 Qe5+ 69. Qd5 Qe3+ 70. Kc6 Qe8+ 71.
Kc7 Qe7+ 72. Qd7 Qc5+ 73. Kb7 Qc4 74. Kb8 Qb3 75. b7 Qxg3+ 76. Kc8 Qc3+ 77. Kd8
Qe5 78. Qxf7+ Kh6 79. Qf8+ 1-0

[Event "Landesklasse Ost 2011/2012"]
[Site "?"]
[Date "2011.02.05"]
[Round "6"]
[White "Kupper, Matthias"]
[Black "Duzy, Stefan"]
[Result "1-0"]
[WhiteElo "1746"]
[BlackElo "1845"]
[PlyCount "63"]
[EventDate "2011.??.??"]
[WhiteTeam "ESV Gera"]
[BlackTeam "Erfurter Schachklub"]

1. e4 c5 2. Nf3 d6 3. d4 cxd4 4. Nxd4 Nf6 5. Nc3 g6 6. Be2 Bg7 7. Be3 O-O 8.
O-O Nc6 9. Qd2 Ng4 10. Bxg4 Bxg4 11. f4 Bd7 12. Rad1 Na5 13. b3 a6 14. Nce2 b5
15. f5 Rc8 16. Rf2 Nc6 17. c3 Ne5 18. h3 Qa5 19. Rc1 Nc6 20. Kh2 Nxd4 21. Nxd4
b4 22. fxg6 hxg6 23. c4 Qe5+ 24. g3 Qxe4 25. Rf4 Qb7 26. Rh4 Rfe8 27. Bh6 Bf6
28. Bg5 Bg7 29. Rf1 Rc5 30. Bh6 Bf6 31. Rxf6 exf6 32. Bg7 1-0

[Event "Landesklasse Ost 2011/2012"]
[Site "?"]
[Date "2011.02.05"]
[Round "6"]
[White "Hemmelmann, Heinz"]
[Black "Kirschner, Torsten"]
[Result "1-0"]
[WhiteElo "1658"]
[BlackElo "1624"]
[PlyCount "81"]
[EventDate "2011.??.??"]
[WhiteTeam "Erfurter Schachklub"]
[BlackTeam "ESV Gera"]

1. d4 Nf6 2. c4 g6 3. Nc3 Bg7 4. e4 d6 5. f4 O-O 6. Nf3 c5 7. d5 e6 8. Bd3 exd5
9. cxd5 Bg4 10. O-O a6 11. a4 Nbd7 12. Be3 Re8 13. h3 Bxf3 14. Qxf3 Nb6 15.
Rae1 Re7 16. Bf2 Qc7 17. Bh4 Nbd7 18. Re2 Rb8 19. g4 c4 20. Bb1 b5 21. axb5
axb5 22. Rd2 b4 23. Ne2 Ree8 24. Rc1 Qb6+ 25. Bf2 Qa6 26. Nd4 Nc5 27. e5 dxe5
28. fxe5 Nfd7 29. e6 fxe6 30. dxe6 Nxe6 31. Nxe6 Qxe6 32. Qf4 c3 33. bxc3 bxc3
34. Ba2 Rb3 35. Bxb3 Qxb3 36. Rxd7 Rf8 37. Qe3 Qb2 38. Rc7 Rxf2 39. Rc8+ Rf8
40. Rxf8+ Kxf8 41. Rf1+ 1-0

[Event "Landesklasse Ost 2011/2012"]
[Site "?"]
[Date "2011.02.05"]
[Round "6"]
[White "Sack, Matthias"]
[Black "Fischer, Dennis"]
[Result "1-0"]
[WhiteElo "1972"]
[BlackElo "1915"]
[PlyCount "100"]
[EventDate "2011.??.??"]
[WhiteTeam "SV Hermsdorf"]
[BlackTeam "SV Medizin Erfurt"]

1. e4 d6 2. d4 Nf6 3. Nc3 g6 4. f4 Bg7 5. Nf3 c6 6. Be2 O-O 7. e5 dxe5 8. fxe5
Nd5 9. O-O Bg4 10. Nxd5 cxd5 11. Bg5 f6 12. exf6 exf6 13. Bf4 Nc6 14. h3 Be6
15. c3 Rc8 16. Nh2 Na5 17. Bg4 f5 18. Be2 Nc4 19. Bxc4 dxc4 20. Qa4 a6 21. Rae1
Bd5 22. Nf3 Be4 23. Ng5 Qb6 24. Nxe4 fxe4 25. Rxe4 g5 26. Bc1 Rxf1+ 27. Kxf1
Rf8+ 28. Kg1 Qc7 29. Qc2 Qf7 30. Qe2 b5 31. Bxg5 Qf5 32. Bf4 a5 33. Bc1 Kh8 34.
Rf4 Qb1 35. Rxf8+ Bxf8 36. Qe5+ Kg8 37. Qg5+ Kf7 38. Qf4+ Kg8 39. Kh2 Qg6 40.
Qg5 Bd6+ 41. g3 Kf7 42. Qxg6+ hxg6 43. Kg2 Ke6 44. Kf3 Kd5 45. h4 b4 46. g4 a4
47. h5 a3 48. cxb4 gxh5 49. gxh5 Bxb4 50. bxa3 Bxa3 1-0

[Event "Landesklasse Ost 2011/2012"]
[Site "?"]
[Date "2011.02.05"]
[Round "6"]
[White "Zeuner, Ulrich"]
[Black "Moje, Hans-Jürgen"]
[Result "1-0"]
[WhiteElo "1949"]
[BlackElo "1833"]
[PlyCount "81"]
[EventDate "2011.??.??"]
[WhiteTeam "SV Medizin Erfurt"]
[BlackTeam "SV Hermsdorf"]

1. e4 e5 2. Nc3 Nc6 3. g3 Nf6 4. Bg2 Bc5 5. Nf3 d6 6. O-O Bg4 7. h3 Bh5 8. d3
Nd4 9. Be3 Qd7 10. g4 Bg6 11. Bxd4 Bxd4 12. Nxd4 exd4 13. Ne2 c5 14. c3 dxc3
15. bxc3 O-O 16. f4 h6 17. f5 Bh7 18. Rb1 Rab8 19. d4 Rfe8 20. Ng3 Qc7 21. Re1
Qa5 22. Qb3 cxd4 23. cxd4 b6 24. Re3 Re7 25. Qb2 Qa4 26. Rc1 Ne8 27. Bf1 Qd7
28. Rec3 Qb7 29. Bb5 Nc7 30. Bc6 Qc8 31. Qa3 Qd8 32. Nh5 f6 33. Nf4 Kh8 34. Rd3
a6 35. Re1 b5 36. e5 dxe5 37. dxe5 Qf8 38. e6 Rd8 39. Red1 Rxd3 40. Rxd3 h5 41.
Rd7 1-0

[Event "Landesklasse Ost 2011/2012"]
[Site "?"]
[Date "2011.02.05"]
[Round "6"]
[White "Hadlich, Gerald"]
[Black "Sunderbrink, Heino"]
[Result "1/2-1/2"]
[WhiteElo "1844"]
[BlackElo "1926"]
[PlyCount "75"]
[EventDate "2011.??.??"]
[WhiteTeam "SV Hermsdorf"]
[BlackTeam "SV Medizin Erfurt"]

1. e4 Nf6 2. e5 Nd5 3. d4 d6 4. exd6 exd6 5. c4 Nb6 6. Nc3 Nc6 7. Be3 Bf5 8.
Nf3 Be7 9. Be2 Bf6 10. Rc1 O-O 11. O-O d5 12. b3 Re8 13. c5 Nc8 14. a3 N8e7 15.
b4 b6 16. Na4 Qd7 17. b5 Na5 18. Bf4 Ng6 19. c6 Qe7 20. Be3 Qxa3 21. Ra1 Qd6
22. Nb2 Nf4 23. Bxf4 Qxf4 24. Nd3 Qe4 25. Nde5 Bxe5 26. Nxe5 Rad8 27. Re1 Be6
28. Bg4 Bxg4 29. Nxg4 Qf4 30. Rxe8+ Rxe8 31. Ne3 Qe4 32. h3 f6 33. Nc2 g6 34.
Nb4 Kf7 35. Qf3 Qxf3 36. gxf3 Rd8 37. Na6 Rc8 38. Nb4 1/2-1/2

[Event "Landesklasse Ost 2011/2012"]
[Site "?"]
[Date "2011.02.05"]
[Round "6"]
[White "Fischer, Kay"]
[Black "Pietzsch, Gerhard"]
[Result "1/2-1/2"]
[WhiteElo "1886"]
[BlackElo "1787"]
[PlyCount "53"]
[EventDate "2011.??.??"]
[WhiteTeam "SV Medizin Erfurt"]
[BlackTeam "SV Hermsdorf"]

1. e4 c5 2. c3 d5 3. exd5 Qxd5 4. d4 Nc6 5. Nf3 Bg4 6. Be2 Nf6 7. h3 Bh5 8. c4
Qd6 9. d5 Bxf3 10. Bxf3 Nd4 11. Be3 Nxf3+ 12. Qxf3 g6 13. Nc3 a6 14. O-O Bg7
15. Rad1 O-O 16. b3 Nd7 17. Ne4 Qc7 18. Qe2 b6 19. f4 Nf6 20. Ng3 Rad8 21. Qf3
e6 22. dxe6 fxe6 23. Rxd8 Rxd8 24. Rd1 Rxd1+ 25. Qxd1 Bh6 26. Qe2 Kf7 27. Kf1
1/2-1/2

[Event "Landesklasse Ost 2011/2012"]
[Site "?"]
[Date "2011.02.05"]
[Round "6"]
[White "Plötner, Jens"]
[Black "Stumm, Rainer"]
[Result "0-1"]
[WhiteElo "1769"]
[BlackElo "1587"]
[PlyCount "74"]
[EventDate "2011.??.??"]
[WhiteTeam "SV Hermsdorf"]
[BlackTeam "SV Medizin Erfurt"]

1. d4 e6 2. Nf3 f5 3. Bf4 Nf6 4. h3 Nc6 5. e3 d5 6. Bb5 Bd7 7. O-O Ne7 8. Be2
Ng6 9. Bh2 Bd6 10. Ne5 O-O 11. Nd2 Be8 12. f4 c5 13. c4 Rc8 14. Ndf3 Ne4 15.
Qb3 Bc6 16. Rac1 Bxe5 17. fxe5 cxd4 18. exd4 Qd7 19. Qe3 Rc7 20. c5 f4 21. Qd3
Ne7 22. Nd2 Ng6 23. Nb1 a6 24. Nc3 Qd8 25. Bf3 Ng5 26. Qd2 Rcf7 27. Bg4 Ne4 28.
Nxe4 dxe4 29. Bxe6 e3 30. Qb4 Kh8 31. Bxf7 Rxf7 32. Qb3 Bd5 33. Qd3 Bxg2 34.
Qe2 Bxf1 35. Kxf1 Rd7 36. Rd1 Qh4 37. Qg2 Nxe5 0-1

[Event "Landesklasse Ost 2011/2012"]
[Site "?"]
[Date "2011.02.05"]
[Round "6"]
[White "Schmidt, Uwe"]
[Black "Hädrich, Dirk"]
[Result "1/2-1/2"]
[WhiteElo "1980"]
[BlackElo "1766"]
[PlyCount "82"]
[EventDate "2011.??.??"]
[WhiteTeam "SV Medizin Erfurt"]
[BlackTeam "SV Hermsdorf"]

1. Nc3 d5 2. e4 e6 3. d3 dxe4 4. dxe4 Qxd1+ 5. Nxd1 e5 6. Bc4 Bc5 7. Be3 Nd7 8.
Nf3 f6 9. Nd2 Bxe3 10. Nxe3 Nb6 11. Bb3 Bd7 12. O-O-O O-O-O 13. Ndc4 Nxc4 14.
Bxc4 Ne7 15. Rd2 c6 16. Rhd1 Kc7 17. b4 Bc8 18. Bf7 Rxd2 19. Rxd2 Rd8 20. c4
Rxd2 21. Kxd2 c5 22. Kc3 b6 23. Nd5+ Kd6 24. b5 Nxd5+ 25. Bxd5 Ke7 26. Kd3 g6
27. Ke3 f5 28. f3 Kf6 29. g3 h6 30. h4 Bd7 31. Bb7 Be6 32. Bd5 Bd7 33. Bc6 Bc8
34. Bd5 a6 35. Bc6 a5 36. Bd5 Bd7 37. Bc6 Be6 38. Bd5 Bc8 39. Bg8 Bb7 40. Bd5
Bc8 41. Bg8 Bd7 1/2-1/2

[Event "Landesklasse Ost 2011/2012"]
[Site "?"]
[Date "2011.02.05"]
[Round "6"]
[White "Markowski, Erhard"]
[Black "Seele, Hartmut"]
[Result "1-0"]
[WhiteElo "1704"]
[BlackElo "1703"]
[PlyCount "57"]
[EventDate "2011.??.??"]
[WhiteTeam "SV Hermsdorf"]
[BlackTeam "SV Medizin Erfurt"]

1. c4 Nf6 2. Nc3 g6 3. e4 d6 4. Nf3 Nc6 5. Be2 Bg7 6. d4 O-O 7. O-O Bg4 8. Be3
h6 9. h3 Bxf3 10. Bxf3 Nd7 11. Be2 e5 12. dxe5 Ndxe5 13. f4 Nd7 14. Qd2 Kh7 15.
Rab1 f5 16. exf5 gxf5 17. b4 Nf6 18. Qd3 Qd7 19. g4 Rae8 20. b5 Ne7 21. Bf3 Ng6
22. g5 Ne4 23. Nxe4 fxe4 24. Bxe4 Rxe4 25. Qxe4 Re8 26. Qf3 Nh4 27. Qf2 Qxh3
28. Rbe1 Rxe3 29. Rxe3 1-0

[Event "Landesklasse Ost 2011/2012"]
[Site "?"]
[Date "2011.02.05"]
[Round "6"]
[White "Willert, Hans-Jürgen"]
[Black "Pietsch, Karsten"]
[Result "1/2-1/2"]
[WhiteElo "1504"]
[BlackElo "1669"]
[PlyCount "100"]
[EventDate "2011.??.??"]
[WhiteTeam "SV Medizin Erfurt"]
[BlackTeam "SV Hermsdorf"]

1. d4 d5 2. Nf3 e6 3. e3 Nf6 4. Bd3 c5 5. c3 Nc6 6. Nbd2 cxd4 7. exd4 Bd6 8.
O-O O-O 9. Re1 Qc7 10. h3 Re8 11. Bc2 b6 12. Nb3 Ba6 13. Bd3 Bxd3 14. Qxd3 Ne4
15. Be3 Ne7 16. Nfd2 Nxd2 17. Nxd2 Nf5 18. Nf3 Nxe3 19. Rxe3 Bf4 20. Re2 Rac8
21. Rae1 Qc4 22. Qxc4 Rxc4 23. Ne5 Rc7 24. g3 Bg5 25. h4 Be7 26. Kf1 Bd6 27.
Nd3 b5 28. a3 a5 29. Rd1 Rb8 30. Ke1 Rc4 31. Ne5 Rc7 32. Nd3 b4 33. axb4 axb4
34. Nxb4 Bxb4 35. cxb4 Rc4 36. Rdd2 Rbxb4 37. Rc2 Kf8 38. Rxc4 Rxc4 39. Rd2 Ke7
40. Ke2 Kd6 41. Kd3 f6 42. f4 e5 43. fxe5+ fxe5 44. dxe5+ Kxe5 45. Re2+ Kd6 46.
Rf2 Rg4 47. Rf3 Kc5 48. Kc3 Rc4+ 49. Kd3 Rg4 50. Kc3 Rc4+ 1/2-1/2

[Event "Landesklasse Ost 2011/2012"]
[Site "?"]
[Date "2011.02.05"]
[Round "6"]
[White "Rauhut, Frank"]
[Black "Bunke, Wilfried"]
[Result "1-0"]
[WhiteElo "1900"]
[BlackElo "1974"]
[PlyCount "63"]
[EventDate "2011.??.??"]
[WhiteTeam "SV Jenapharm Jena"]
[BlackTeam "SV Schott Jena"]

1. d4 Nf6 2. c4 e6 3. Nf3 d5 4. g3 Be7 5. Bg2 O-O 6. O-O c6 7. Qc2 b6 8. Nbd2
Bb7 9. b3 Nbd7 10. Bb2 Rc8 11. Ne5 c5 12. Nxd7 Qxd7 13. dxc5 Bxc5 14. Rad1 Qe7
15. Qb1 Rfd8 16. cxd5 exd5 17. Qa1 Ba6 18. Bxf6 gxf6 19. Rfe1 Bb4 20. Qd4 Bc3
21. Qg4+ Kh8 22. Qa4 Bb7 23. Qh4 Bb4 24. Bh3 f5 25. Qd4+ f6 26. Bxf5 Rc7 27. a3
Bc5 28. Qh4 Qe5 29. Bb1 Bxa3 30. Nc4 Qe7 31. Nxa3 Rd6 32. Nb5 1-0

[Event "Landesklasse Ost 2011/2012"]
[Site "?"]
[Date "2011.02.05"]
[Round "6"]
[White "Lorenz, Nicole"]
[Black "Krabel, Stefan"]
[Result "1/2-1/2"]
[WhiteElo "1815"]
[BlackElo "1848"]
[PlyCount "28"]
[EventDate "2011.??.??"]
[WhiteTeam "SV Schott Jena"]
[BlackTeam "SV Jenapharm Jena"]

1. e4 e6 2. d4 d5 3. Nc3 Nf6 4. Bg5 Bb4 5. exd5 Qxd5 6. Bxf6 Bxc3+ 7. bxc3 gxf6
8. Qf3 Qxf3 9. Nxf3 b6 10. Bb5+ c6 11. Bd3 Ba6 12. Bxa6 Nxa6 13. O-O Ke7 14. a3
Rhd8 1/2-1/2

[Event "Landesklasse Ost 2011/2012"]
[Site "?"]
[Date "2011.02.05"]
[Round "6"]
[White "Thöle, Wolfgang"]
[Black "Schlachetka, Werner"]
[Result "0-1"]
[WhiteElo "1941"]
[BlackElo "1901"]
[PlyCount "62"]
[EventDate "2011.??.??"]
[WhiteTeam "SV Jenapharm Jena"]
[BlackTeam "SV Schott Jena"]

1. e4 c5 2. Nc3 Nc6 3. g3 g6 4. Bg2 Bg7 5. d3 d6 6. Nf3 e6 7. O-O Nge7 8. Bg5
O-O 9. Qd2 Re8 10. Rfe1 Qa5 11. Qf4 Nd4 12. Bf6 Nxc2 13. e5 Qb4 14. Ne4 Nd5 15.
Qh4 Nxf6 16. exf6 Bf8 17. a3 Qb6 18. Nfg5 h6 19. Nxf7 Kxf7 20. Ng5+ hxg5 21.
Qxg5 d5 22. Bxd5 exd5 23. Rxe8 Kxe8 24. Qxg6+ Kd7 25. Qf7+ Kc6 26. Rb1 Bf5 27.
b4 cxb4 28. axb4 Bxb4 29. Rc1 Qc5 30. Qh5 Bxd3 31. g4 Be1 0-1

[Event "Landesklasse Ost 2011/2012"]
[Site "?"]
[Date "2011.02.05"]
[Round "6"]
[White "Jordan, Gunter"]
[Black "Wolf, Isaak"]
[Result "1/2-1/2"]
[WhiteElo "1856"]
[BlackElo "1871"]
[PlyCount "25"]
[EventDate "2011.??.??"]
[WhiteTeam "SV Schott Jena"]
[BlackTeam "SV Jenapharm Jena"]

1. d4 f5 2. e4 fxe4 3. Nc3 Nf6 4. f3 exf3 5. Nxf3 g6 6. h4 d6 7. h5 Nxh5 8. Ng5
Nf6 9. Bc4 Bg4 10. Bf7+ Kd7 11. Be3 Bxd1 12. Be6+ Ke8 13. Bf7+ 1/2-1/2

[Event "Landesklasse Ost 2011/2012"]
[Site "?"]
[Date "2011.02.05"]
[Round "6"]
[White "Vater, Rainer"]
[Black "Osterloh, Felix"]
[Result "0-1"]
[WhiteElo "1763"]
[BlackElo "1743"]
[PlyCount "104"]
[EventDate "2011.??.??"]
[WhiteTeam "SV Jenapharm Jena"]
[BlackTeam "SV Schott Jena"]

1. Nf3 Nf6 2. c4 d6 3. d4 Nbd7 4. Nc3 e5 5. e4 Be7 6. Be2 O-O 7. O-O Re8 8. Qc2
Bf8 9. dxe5 dxe5 10. Rd1 c6 11. b3 Qc7 12. Bb2 Nc5 13. Ne1 Ne6 14. Nf3 Nf4 15.
Rd2 Bg4 16. Ne1 Bxe2 17. Nxe2 Bb4 18. Rdd1 Bxe1 19. Rxe1 N6h5 20. Rad1 Rad8 21.
g3 Rxd1 22. Rxd1 Nh3+ 23. Kg2 Qc8 24. Ng1 N5f4+ 25. Kf1 Ng6 26. Qe2 Ng5 27. h4
Ne6 28. h5 Ngf8 29. Qg4 Nc5 30. Qh4 Qe6 31. Nf3 f6 32. Nh2 h6 33. f3 Nh7 34. g4
Ng5 35. Kg2 Qc8 36. Qf2 b6 37. Nf1 Rd8 38. Qe2 Nce6 39. Bc1 Nd4 40. Qd3 Ngxf3
41. Kf2 Qxg4 42. Ng3 Nh4 43. Rh1 Qf3+ 44. Qxf3 Nhxf3 45. Rd1 Ng5 46. Bxg5 hxg5
47. Nf5 Kf7 48. b4 g6 49. hxg6+ Kxg6 50. Rh1 Nxf5 51. exf5+ Kxf5 52. Ke3 Rd4
0-1

[Event "Landesklasse Ost 2011/2012"]
[Site "?"]
[Date "2011.02.05"]
[Round "6"]
[White "Werner, Ernst"]
[Black "Fauth, Frank"]
[Result "1/2-1/2"]
[WhiteElo "1804"]
[BlackElo "1754"]
[PlyCount "26"]
[EventDate "2011.??.??"]
[WhiteTeam "SV Schott Jena"]
[BlackTeam "SV Jenapharm Jena"]

1. e4 d5 2. exd5 Qxd5 3. Nc3 Qa5 4. d4 Nf6 5. Nf3 c6 6. Ne5 Bf5 7. Bd3 Bxd3 8.
Qxd3 Nbd7 9. Nxd7 Nxd7 10. Bd2 e6 11. Ne4 Qf5 12. Bc3 Be7 13. O-O-O O-O-O
1/2-1/2

[Event "Landesklasse Ost 2011/2012"]
[Site "?"]
[Date "2011.02.05"]
[Round "6"]
[White "Wolf, Jürgen"]
[Black "Seifert, Michael"]
[Result "1/2-1/2"]
[WhiteElo "1690"]
[BlackElo "1588"]
[PlyCount "72"]
[EventDate "2011.??.??"]
[WhiteTeam "SV Jenapharm Jena"]
[BlackTeam "SV Schott Jena"]

1. Nf3 Nf6 2. c4 g6 3. g3 Bg7 4. Bg2 O-O 5. O-O d6 6. Nc3 e5 7. b4 Nbd7 8. Bb2
Nh5 9. d4 f5 10. dxe5 Nxe5 11. Nxe5 dxe5 12. Qb3 c6 13. c5+ Kh8 14. Rad1 Qe7
15. Rd6 Re8 16. Rfd1 Be6 17. Qc2 Rad8 18. Qd2 Rxd6 19. Qxd6 Qxd6 20. Rxd6 Bf8
21. Rd2 Kg8 22. a3 Kf7 23. Nd1 e4 24. Bf1 Nf6 25. Kg2 Nd5 26. Nc3 e3 27. Rd3
exf2 28. Nxd5 Bxd5+ 29. Kxf2 Re6 30. Bd4 Bc4 31. Rc3 Bb5 32. Rc2 Re4 33. e3
Bxf1 34. Kxf1 Bh6 35. Kf2 Ke6 36. Rc3 Ke7 1/2-1/2

[Event "Landesklasse Ost 2011/2012"]
[Site "?"]
[Date "2011.02.05"]
[Round "6"]
[White "Holtz, Peter"]
[Black "Wolf, Erasmus"]
[Result "1-0"]
[WhiteElo "1773"]
[BlackElo "1427"]
[PlyCount "61"]
[EventDate "2011.??.??"]
[WhiteTeam "SV Schott Jena"]
[BlackTeam "SV Jenapharm Jena"]

1. e4 e5 2. Nf3 Nc6 3. Bb5 a6 4. Ba4 Nf6 5. O-O b5 6. Bb3 Bc5 7. d3 O-O 8. h3
d6 9. c3 Be6 10. Bxe6 fxe6 11. d4 Bb6 12. dxe5 Nxe4 13. exd6 cxd6 14. Qe2 d5
15. Nbd2 Qd6 16. Nxe4 dxe4 17. Qxe4 Rf5 18. Re1 Re8 19. Be3 Bxe3 20. Qxe3 Rd5
21. Qe2 e5 22. Rad1 h6 23. Rxd5 Qxd5 24. Qe4 Qe6 25. b3 Qd6 26. Nd4 Ne7 27.
Qxe5 Qxe5 28. Rxe5 Kf7 29. Re6 Rd8 30. Rxa6 Rd5 31. Ra5 1-0

[Event "Landesklasse Ost 2011/2012"]
[Site "?"]
[Date "2011.02.05"]
[Round "6"]
[White "Liebisch, Dieter"]
[Black "Liebold, Thomas"]
[Result "1/2-1/2"]
[WhiteElo "1963"]
[BlackElo "2041"]
[PlyCount "120"]
[EventDate "2011.??.??"]
[WhiteTeam "MTV 1876 Saalfeld"]
[BlackTeam "TSV Zeulenroda"]

1. d4 Nf6 2. Bf4 c5 3. e3 cxd4 4. exd4 Qb6 5. Nc3 e6 6. Nf3 Qxb2 7. Nb5 Bb4+ 8.
Bd2 Na6 9. c3 Be7 10. Bc4 d5 11. Bb3 Bd7 12. Rb1 Qxb1 13. Qxb1 Bxb5 14. Bxd5
Bd7 15. Bxb7 Rb8 16. Bf4 O-O 17. O-O Nb4 18. Bxb8 Rxb8 19. cxb4 Rxb7 20. a3 a5
21. Ne5 axb4 22. Nxd7 Nxd7 23. Qe4 Ra7 24. axb4 Nf6 25. Qe5 Rb7 26. Ra1 Bxb4
27. Ra8+ Bf8 28. g3 h6 29. Qd6 Nh7 30. d5 Rb1+ 31. Kg2 Rd1 32. Qc7 Rxd5 33. g4
Nf6 34. h4 h5 35. Qe7 Nh7 36. f3 hxg4 37. fxg4 Rd2+ 38. Kf3 Rd3+ 39. Ke4 Rg3
40. Kf4 Rg1 41. g5 g6 42. Qb7 Rf1+ 43. Kg3 Rf5 44. Qd7 Rd5 45. Qb7 Kg7 46. Qb2+
Kg8 47. Kf3 Rd3+ 48. Ke2 Rd5 49. Re8 Rf5 50. Qd4 Rd5 51. Qc3 Rf5 52. Qc8 Kg7
53. Kd3 Rf3+ 54. Ke2 Rf5 55. h5 gxh5 56. g6 Kxg6 57. Rxf8 Nxf8 58. Qxf8 Rd5 59.
Qg8+ Kf6 60. Ke3 Re5+ 1/2-1/2